=LDR 00000nam 2200000 4500 =001 INLIS000000000018947 =005 20130612114050 =008 ***********************************Ind** =035 ##$$0010-061300000018947 =041 ##$$a Ind =082 ##$$a R.2x0.000 3 =090 ##$$a R.2x0.000 3, Fak e =100 ##$$a Fakhruddin =245 ##$$a Ensiklopedia al-Qur'an, oleh H. Fakhruddin HS =260 ##$$a 1992 $b Jakarta =300 ##$$a ...jil, 21 cm =650 ##$$a Ensiklopedi AlQuran =850 ##$$a NBPNMAT